00638cam a22002171 4500001001300000003000400013005001700017008004100034010001700075035002000092040002300112042001200135050001900147082001000166100003100176245007100207260007800278300001700356490003000373999001700403ca 36001989 DLC20260227111145.0881114s1927 cou 000 0 eng  aca 36001989  a(OCoLC)18757276 aDLCcRPBdRPBdDLC apremarc00aPN4305.M6bD36 a815.51 aDavison, Ada Clark,d1882-10aWaiting for the groom;breading for girl,cby Ada Davidson [!] ... aFranklin, O., Denver, Colo.,bEldridge entertainment House, Inc.,cc1927. a5 p.c19 cm.0 aEldridge popular monologs c18396d18396